logo

Bir Sreshtho Munshi Abdur Rouf Library
Jhenaidah Cadet College

Classic essays in English / (Record no. 8930)

MARC details
000 -LEADER
fixed length control field 00666cam a22002531 4500
001 - CONTROL NUMBER
JCCL Control Number 8930
003 - CONTROL NUMBER IDENTIFIER
JCCL marc code BD-JhCC
005 - DATE AND TIME OF LATEST TRANSACTION
control field 20180711095914.0
008 - FIXED-LENGTH DATA ELEMENTS--GENERAL INFORMATION
fixed length control field 720710s1965 mau 000 0 eng
035 ## - SYSTEM CONTROL NUMBER
system control number (BD-JhCC)8930
040 ## - CATALOGING SOURCE
Original cataloging agency DLC
Transcribing agency ODaWU
Modifying agency OCoLC
-- DLC
-- BD-JhCC
041 ## - LANGUAGE CODE
Language code of Book eng
050 00 - LIBRARY OF CONGRESS CALL NUMBER
Classification number PR1363
Item number .M53 1965
082 ## - DEWEY DECIMAL CLASSIFICATION NUMBER
Classification number 824.082
Author mark and Year MIL 1965
100 1# - MAIN ENTRY--PERSONAL NAME
Personal name Miles, Josephine,
Dates associated with a name 1911-1985,
245 10 - TITLE STATEMENT
Title Classic essays in English /
Statement of responsibility, etc Josephine Miles,
250 ## - EDITION STATEMENT
Edition statement 2nd ed.
260 ## - PUBLICATION, DISTRIBUTION, ETC. (IMPRINT)
Place of publication, distribution, etc Boston,
Name of publisher, distributor, etc Little, Brown
Date of publication, distribution, etc [1965]
300 ## - PHYSICAL DESCRIPTION
Pagination xxix, 434 p.
Dimensions 21 cm.
650 #0 - SUBJECT ADDED ENTRY--TOPICAL TERM
Topical term or geographic name as entry element English essays.
650 #0 - SUBJECT ADDED ENTRY--TOPICAL TERM
Topical term or geographic name as entry element American essays.
942 ## - ADDED ENTRY ELEMENTS (KOHA)
Source of classification or shelving scheme Dewey Decimal Classification
Koha item type Books
Holdings
Source of classification or shelving scheme Damaged status Not for loan Home library Current library Shelving location Total Checkouts Full call number Barcode Date last seen Copy number Koha item type
Dewey Decimal Classification     JCC Rouf Library JCC Rouf Library General Stacks   824.082 MIL 1965 11935 03/05/2018 C - 1 Books

JCC Library | Contacts | JCC Home

Last Update on 23 September 2017
Copyright @ 2017-2020 JCC Rouf Library
Rouf Library, Jhenidah Cadet College (JCC), Bangladesh